| 000 | 01508nam a2200409Ii 4500 | ||
|---|---|---|---|
| 001 | DIGANT0316 | ||
| 003 | NyNyDIG | ||
| 006 | m o d | ||
| 007 | cr ||||||||||| | ||
| 008 | 131101s2012 sp ob 000 0 spa d | ||
| 020 | _z9788415260400 | ||
| 020 | _z8415260407 | ||
| 035 | _a(OCoLC)888254726 | ||
| 040 |
_aDGITA _beng _epn _cDGITA |
||
| 050 | 1 | 4 | _aHB501 eBook |
| 100 | 1 | _aOsorio, Jaime. | |
| 245 | 1 | 0 |
_aEstado, biopoder, exclusión : _banálisis desde la lógica del capital / _cJaime Osorio. |
| 250 | _a1. ed. | ||
| 264 | 1 |
_aBarcelona : _bAnthropos Editorial ; _aMexico City, Mexico : _bUniversidad Autónoma Metropolitana, Unidad Iztapalapa, División de Ciencias Sociales y Humanidades, _c2012. |
|
| 300 | _a1 online resource (159 pages) | ||
| 336 |
_atext _btxt _2rdacontent |
||
| 337 |
_acomputer _bc _2rdamedia |
||
| 338 |
_aonline resource _bcr _2rdacarrier |
||
| 490 | 1 |
_aPensamiento crítico/pensamiento utópico ; _v211 |
|
| 504 | _aIncludes bibliographical references (p. 153-156). | ||
| 650 | 0 | _aCapital. | |
| 650 | 0 |
_aCapitalism _xSocial aspects. |
|
| 650 | 0 | _aPower (Social sciences) | |
| 650 | 0 | _aMarginality, Social. | |
| 655 | 0 | _aElectronic books. | |
| 791 | 2 |
_aDigitalia (Firm), _edistributor. |
|
| 830 | 0 |
_aPensamiento crítico/pensamiento utópico ; _v211. |
|
| 793 | 0 |
_gDigitalia eBook Collection: _aAnthropos |
|
| 856 | 4 | 0 |
_3Digitalia Hispánica _uhttps://www.digitaliapublishing.com/a/19769/ |
| 910 | _aPremium Collection: 2007-2012 | ||
| 942 | _cRAA | ||
| 999 |
_c236605 _d236605 |
||